MARC

LEADER 00000nas a22000007a 4500
001 ssj0000547537
003 WaSeSS
005 20200512172242.0
006 m d
007 cr n
008 080709c20089999laumr p s 0 a0eng c
010 |a  2008213586 
022 |a 1943-1813 
035 |a (WaSeSS)ssj0000547537 
040 |a NSD  |b eng  |c NSD  |d NSD  |d DLC  |d OCLCQ  |d OCLCF  |d OCLCO  |d OCLCQ  |d AU@  |d WaSeSS 
042 |a pcc  |a nsdp 
050 0 0 |a JF1351 
082 1 0 |a 338  |2 14 
222 0 |a International journal of organizational innovation 
245 0 0 |a International journal of organizational innovation  |h [electronic resource]. 
246 1 3 |a IJOI 
260 |a Hammond, LA :  |b International Association of Organizational Innovation 
310 |a Monthly 
362 1 |a Began with: Vol. 1, no. 1(summer 2008). 
506 |a License restrictions may limit access. 
588 |a Description based on: Vol. 1, no. 1 (summer 2008); title from cover (International Association of Organizational Innovation website, viewed Aug. 18, 2011). 
588 |a Latest issue consulted: Vol. 4, no. 1 (summer 2011). 
650 0 |a Public administration  |v Periodicals. 
650 0 |a Creative ability in business  |v Periodicals. 
650 0 |a Globalization  |v Periodicals. 
650 7 |a Creative ability in business.  |2 fast  |0 (OCoLC)fst00882438 
650 7 |a Globalization.  |2 fast  |0 (OCoLC)fst00943532 
650 7 |a Public administration.  |2 fast  |0 (OCoLC)fst01081976 
655 0 |a Electronic journals. 
710 2 |a International Association of Organizational Innovation. 
850 |a DLC 
856 4 0 |z Full text available from Research Library: 07/01/2008 to present  |u https://search.proquest.com/publication/55118